LEADER 00976nam a2200253 i 4500 001 000000130379 003 CaOOAMICUS 005 20041022000000.0 008 041022s1960 it u000 u ita u 013 $a103113 040 $aSeMil$bita 100 1 $aClark, Leonard.$0(OLS)http://semarc/name/53902 240 14$aThe marching wind.$0(OLS)http://semarc/title/192045 245 10$aAlle porte della Mongolia /$cLeonard Clark. 250 $a2. Ed. 260 $aMilano :$bGarzanti,$c1960. 300 $a374 p., 5 c. di tav. :$bill., c. geogr. ;$c23 cm. 490 0 $aGrandi viaggi illustrati 650 4$aKuenlun.$0(OLS)http://semarc/subject/25717 830 0$aGrandi viaggi illustrati.$0(OLS)http://semarc/title/16357 850 $aSeMil 852 $aSeMil$W1$xVenegono$y1$m4Y IV 75$j84429$B84429$CSeMilBibl$Z2$F87989 $81 996 $6245$aAlle porte della Mongolia$9(OLS)http://semarc/title/192044 996 $6260$aMilano :$bGarzanti$9(OLS)http://semarc/publisher/29852 LEADER 01282nam a2200253 i 4500 001 000000243629 003 CaOOAMICUS 005 20250519104742.0 008 150714s1906 it u000 u ita u 040 $aSeMil$bita 100 1 $aFortina, Antonio.$0(OLS)http://semarc/name/61360 245 12$aI lavoratori del campo specialmente considerati nei tempi e nei luoghi del Codice Diplomatico Longobardo /$cDott. A. Fortina. 260 $aArona :$bStab. tipografico Santino Cazzani,$c1906. 264 1$aArona :$bStab. tipografico Santino Cazzani,$c1906. 300 $a102 p. ;$c28 cm. 500 $aIn testa al front : (Storia delle Istituzioni). 650 4$aLongobardi - Diritto.$0(OLS)http://semarc/subject/38588 650 4$aAgraria - Storia.$0(OLS)http://semarc/subject/38800 850 $aSeMil 852 $aSeMil$W1$xVenegono$y1$m3T VI 48$j257102$B193975$CSeMilBibl$Z2$F204646 $8M 996 $6245$aI lavoratori del campo specialmente considerati nei tempi e nei luoghi del Codice Diplomatico Longobardo$9(OLS)http://semarc/title/345517 996 $6260$aArona :$bStab. tipografico Santino Cazzani$9(OLS)http://semarc/publisher/54819 996 $6264$aArona :$bStab. tipografico Santino Cazzani$9(OLS)http://semarc/publisher/54819